<?xml version="1.0" encoding="UTF-8"?><?xml-stylesheet type="text/xsl" href="static/style.xsl"?><OAI-PMH xmlns="http://www.openarchives.org/OAI/2.0/" xmlns:xsi="http://www.w3.org/2001/XMLSchema-instance" xsi:schemaLocation="http://www.openarchives.org/OAI/2.0/ http://www.openarchives.org/OAI/2.0/OAI-PMH.xsd"><responseDate>2026-06-01T11:52:59Z</responseDate><request verb="GetRecord" identifier="oai:riuma.uma.es:10630/39191" metadataPrefix="marc">https://riuma.uma.es/rest/oai/request</request><GetRecord><record><header><identifier>oai:riuma.uma.es:10630/39191</identifier><datestamp>2026-02-12T12:44:40Z</datestamp><setSpec>com_10630_1685</setSpec><setSpec>col_10630_38084</setSpec></header><metadata><record xmlns="http://www.loc.gov/MARC21/slim" xmlns:dcterms="http://purl.org/dc/terms/" xmlns:doc="http://www.lyncode.com/xoai" xmlns:xsi="http://www.w3.org/2001/XMLSchema-instance" xsi:schemaLocation="http://www.loc.gov/MARC21/slim http://www.loc.gov/standards/marcxml/schema/MARC21slim.xsd">
   <leader>00925njm 22002777a 4500</leader>
   <datafield ind2=" " ind1=" " tag="042">
      <subfield code="a">dc</subfield>
   </datafield>
   <datafield ind2=" " ind1=" " tag="720">
      <subfield code="a">Galán Gallego, Victoria</subfield>
      <subfield code="e">author</subfield>
   </datafield>
   <datafield ind2=" " ind1=" " tag="720">
      <subfield code="a">Santos-Díaz, Inmaculada Clotilde</subfield>
      <subfield code="e">author</subfield>
   </datafield>
   <datafield ind2=" " ind1=" " tag="260">
      <subfield code="c">2025</subfield>
   </datafield>
   <datafield ind2=" " ind1=" " tag="520">
      <subfield code="a">Este kit educativo surge como parte de una propuesta innovadora&#xd;
desarrollada en el marco de una experiencia didáctica basada en el&#xd;
Diseño Universal para el Aprendizaje (DUA), los Objetivos de Desarrollo&#xd;
Sostenible (ODS) y las posibilidades que ofrece la Inteligencia Artificial (IA)&#xd;
para personalizar el aprendizaje. El objetivo principal es acercar al&#xd;
alumnado de Educación Primaria a problemáticas reales de nuestro&#xd;
entorno a través de historias de no ficción que fomentan la conciencia&#xd;
social, la comprensión lectora y la inclusión educativa.&#xd;
Este kit contiene una colección de relatos breves vinculados a distintos&#xd;
ODS (como el fin de la pobreza, hambre cero, salud y bienestar, igualdad&#xd;
de género, entre otros), los cuales han sido adaptados a diferentes niveles&#xd;
de dificultad para garantizar la accesibilidad a todo el estudiantado,&#xd;
independientemente de su perfil lector. Gracias al uso de herramientas&#xd;
basadas en IA, ha sido posible crear versiones múltiples de una misma&#xd;
historia, respetando su esencia pero adecuándola en vocabulario,&#xd;
estructura y apoyos visuales.</subfield>
   </datafield>
   <datafield ind1="8" ind2=" " tag="024">
      <subfield code="a">https://hdl.handle.net/10630/39191</subfield>
   </datafield>
   <datafield tag="653" ind2=" " ind1=" ">
      <subfield code="a">Investigación activa en educación</subfield>
   </datafield>
   <datafield tag="653" ind2=" " ind1=" ">
      <subfield code="a">Profesores - Formación profesional</subfield>
   </datafield>
   <datafield tag="653" ind2=" " ind1=" ">
      <subfield code="a">Desarrollo sostenible</subfield>
   </datafield>
   <datafield ind2="0" ind1="0" tag="245">
      <subfield code="a">Kit de lectura dualizada en torno a los Objetivos de Desarrollo Sostenible</subfield>
   </datafield>
</record>
</metadata></record></GetRecord></OAI-PMH>